Southville International School and Colleges
Your cart is empty.
  • Cart
  • Lists
    Public lists Eva Luna New books Lux_list list_1
    Your lists Log in to create your own lists
  • Log in to your account
  • Your cookies
  • Search history
Southville International School and Colleges
  • Advanced search
  • Recent comments
  • Most popular
  • Libraries

Log in to your account

Log in with GOOGLE


If you do not have an external account, but do have a local account, you can still log in:

  1. Home
  2. MARC view: Loving kindness : happy feelings for little ones
Normal view MARC view ISBD view

Loving kindness : happy feelings for little ones (Record no. 366676)

[ view plain ]
MARC details
000 -LEADER
fixed length control field 00713nam a22002177a 4500
003 - CONTROL NUMBER IDENTIFIER
control field 0
005 - DATE AND TIME OF LATEST TRANSACTION
control field 20241112100100.0
008 - FIXED-LENGTH DATA ELEMENTS--GENERAL INFORMATION
fixed length control field 241112b xxu||||| |||| 00| 0 eng d
020 ## - INTERNATIONAL STANDARD BOOK NUMBER
International Standard Book Number 978-1-78285-749-5
082 ## - DEWEY DECIMAL CLASSIFICATION NUMBER
Classification number ER
Item number L911 2019
100 ## - MAIN ENTRY--PERSONAL NAME
Personal name Stewart, Whitney
245 ## - TITLE STATEMENT
Title Loving kindness : happy feelings for little ones
Statement of responsibility, etc Whitney Stewart, Rocio Alejandro.
260 ## - PUBLICATION, DISTRIBUTION, ETC. (IMPRINT)
Place of publication, distribution, etc Cambridge :
Name of publisher, distributor, etc Barefoot Books,
Date of publication, distribution, etc 2019.
300 ## - PHYSICAL DESCRIPTION
Extent 12 unnumbered pages :
Other physical details col. ill. ;
Dimensions 17 cm.
650 ## - SUBJECT ADDED ENTRY--TOPICAL TERM
Topical term or geographic name as entry element Calmness
Form subdivision Juvenile literature.
650 ## - SUBJECT ADDED ENTRY--TOPICAL TERM
Topical term or geographic name as entry element Happiness in children
Form subdivision Juvenile literature.
650 ## - SUBJECT ADDED ENTRY--TOPICAL TERM
Topical term or geographic name as entry element Emotions in children
Form subdivision Juvenile literature.
650 ## - SUBJECT ADDED ENTRY--TOPICAL TERM
Topical term or geographic name as entry element Board books.
700 ## - ADDED ENTRY--PERSONAL NAME
Personal name Alejandro, Rocio
942 ## - ADDED ENTRY ELEMENTS (KOHA)
Source of classification or shelving scheme Dewey Decimal Classification
Koha item type Books
Holdings
Withdrawn status Lost status Source of classification or shelving scheme Damaged status Home library Current library Shelving location Date acquired Source of acquisition Total Checkouts Full call number Barcode Date last seen Price effective from Koha item type
    Dewey Decimal Classification   Munich Library Munich Library Easy Reading Section 11/12/2024 Library Fund   ER L911 2019 M8623 11/12/2024 11/12/2024 Books

Loving kindness : happy feelings for little ones

APA

Stewart W., Alejandro R., . (2019). Loving kindness : happy feelings for little ones. Cambridge: Barefoot Books.

Chicago

Stewart Whitney, Alejandro Rocio, . 2019. Loving kindness : happy feelings for little ones. Cambridge: Barefoot Books.

Harvard

Stewart W., Alejandro R., . (2019). Loving kindness : happy feelings for little ones. Cambridge: Barefoot Books.

MLA

Stewart Whitney, Alejandro Rocio, . Loving kindness : happy feelings for little ones. Cambridge: Barefoot Books. 2019.

  • Place hold
  • Print
  • Cite
  • Add to your cart (remove)
  • Save record
    BIBTEX Dublin Core MARCXML MARC (non-Unicode/MARC-8) MARC (Unicode/UTF-8) MARC (Unicode/UTF-8, Standard) MODS (XML) RIS
  • More searches
    Search for this title in:
    Other Libraries (WorldCat) Other Databases (Google Scholar) Online Stores (Bookfinder.com) Open Library (openlibrary.org)

Exporting to Dublin Core...

SOUTHVILLE LIBRARY

Southville International School and Colleges Library

1281 Tropical Ave. Cor. Luxembourg St., BF Homes International, Las Pinas City

Tel. No. 8256374 / 252358 Loc. 117/146

Powered by Koha